000 01184nac a22003377a 4500
001 BR8003825
003 BR-BrBNA
005 20240105114729.0
008 230509b bl.|||m| |||| 00| 0 por d
040 _aBR-BrBNA
_bpor
_cBiblioteca Nacional de Agricultura
072 _aF25; E10; E70
090 _a3801 BR8003825
100 1 _aBarros, J.R.M. de
100 1 _aFonseca, M.A.S. da
100 1 _aBaum, M.
110 1 _aInstituto de Pesquisas Tecnologicas do Estado de Sao Paulo, S.A. Sao Paulo (Brasil)
245 1 _aGeneral technical - Economic survey of the brazilian fertilizer sector [Fertilizante; Industria; Consumo; Estatistica comercial; Importacao; Preco]
_b2. ed.
260 3 _aSao Paulo, SP (Brasil):
_c1980.
300 _a40 p.
490 _aPublicacoes Especiais - Instituto de Pesquisas Tecnologicas do Estado de Sao Paulo S.A. (Brazil)
_vno. 6
_x
500 _a53 tables; 6 ref.; Summary (En)
650 _aFERTILIZANTE
650 _aINDUSTRIA
650 _aCONSUMO
650 _aESTATISTICA COMERCIAL
650 _aIMPORTACAO
650 _aOFERTA
650 _aPRECO
909 _a202312
_bLúcia Elande
_c55
_dLúcia Elande
942 _2AGRIS
_n0
_cMS
999 _c270998
_d270998